Efektívne vedenie pracovných porád

Príprava pracovnej porady. Organizačná stránka pracovnej porady. Vyhodnotenie pracovnej porady. Efektívna pracovná porada. Deštrukčné a konštrukčné prvky pracovnej porady.

Gespeichert in:
Bibliographische Detailangaben
1. Verfasser: Budinská, Lucia, 1990-
Format: Buchkapitel
Sprache:Slowakisch
Schlagworte:
Tags: Tag hinzufügen
Keine Tags, Fügen Sie das erste Tag hinzu!

MARC

LEADER 00000naa$a2200000$$$4500
001 0208863
005 20240502073453.6
041 0 |a slo 
044 |a SK 
245 1 0 |a Efektívne vedenie pracovných porád  |c Lucia Budinská 
520 |a Príprava pracovnej porady. Organizačná stránka pracovnej porady. Vyhodnotenie pracovnej porady. Efektívna pracovná porada. Deštrukčné a konštrukčné prvky pracovnej porady. 
610 2 0 |a porady pracovné 
610 2 0 |a efektívnosť 
610 2 0 |a práca 
610 2 0 |a kontrola 
100 1 |a Budinská, Lucia, 1990-